| Tag |
First Indicator |
Second Indicator |
Subfields |
| LEADER |
00000cam a22000008a 4500 |
| 001 |
in00004452007 |
| 005 |
20210818134922.0 |
| 008 |
890208s1989 nyua b 00100 eng c |
| 010 |
|
|
|a 89004342
|
| 020 |
|
|
|a 093585956X (pbk.) :
|c $19.95
|
| 035 |
|
|
|a (OCoLC)19323242
|
| 035 |
|
|
|9 AAA0731MS
|
| 035 |
|
|
|z (UtOrBLW)231
|
| 035 |
|
|
|a 810
|
| 040 |
|
|
|a DNLM/DLC
|c DLC
|d AGL
|d TMV
|d UtOrBLW
|
| 049 |
|
|
|a TMVM
|c 1
|
| 050 |
0 |
0 |
|a QP606.D46
|b P37 1989
|
| 060 |
|
0 |
|a QH 442 P348
|
| 060 |
|
4 |
|a QU 141
|b P348 1989
|
| 070 |
0 |
|
|a QP606.D46P37
|
| 072 |
|
0 |
|a X300
|
| 082 |
0 |
0 |
|a 574.87/3282
|2 19
|
| 245 |
0 |
0 |
|a PCR technology :
|b principles and applications for DNA amplification /
|c Henry A. Erlich, editor.
|
| 264 |
|
1 |
|a New York :
|b Stockton Press,
|c 1989.
|
| 300 |
|
|
|a x, 246 pages :
|b illustrations ;
|c 23 cm.
|
| 336 |
|
|
|a text
|2 rdacontent
|b txt
|
| 337 |
|
|
|a unmediated
|2 rdamedia
|
| 338 |
|
|
|a volume
|2 rdacarrier
|b nc
|
| 490 |
1 |
|
|a Breakthroughs in molecular biology
|
| 504 |
|
|
|a Includes bibliographies and index.
|
| 520 |
8 |
|
|a Polymerase chain reaction.
|
| 650 |
|
2 |
|a DNA-Directed DNA Polymerase.
|
| 650 |
|
2 |
|a Gene Amplification.
|
| 650 |
|
2 |
|a Genetic Engineering.
|
| 650 |
|
2 |
|a Molecular Biology.
|
| 650 |
|
2 |
|a DNA-Directed RNA Polymerases.
|
| 700 |
1 |
|
|a Erlich, Henry A.,
|d 1943-
|
| 830 |
|
0 |
|a Breakthroughs in molecular biology.
|
| 999 |
|
|
|a MARS
|
| 999 |
f |
f |
|s defea70a-1de3-382a-b930-4989c74dd8a0
|i 27114e6a-e56c-33eb-bee9-5bf553ee9f74
|t 0
|
| 952 |
f |
f |
|p ric
|a Texas A&M University
|b Rellis Campus
|c Joint Library Facility
|d Remote Storage
|t 0
|e QU 141 P348 1989
|h National Library of Medicine classification
|i unmediated -- volume
|m 3238900900797
|
| 998 |
f |
f |
|a QU 141 P348 1989
|t 0
|l Remote Storage
|